Convite a leitura de Gramsci /

Enregistré dans:
Détails bibliographiques
Auteur principal: Gramsci, Antonio, 1891-1937
Autres auteurs: Cavalcanti, Pedro Celso Uchoa, organizador, Piccone, Paola, organizador
Format: Inconnue
Langue:Portuguese
Publié: Rio de Janeiro : Achiamè, [1980?].
Sujets:
Tags: Ajouter un tag
Pas de tags, Soyez le premier à ajouter un tag!

MARC

LEADER 000000000a22000000004500
001 004726
041 0 |a por 
082 0 4 |a 335.4   |b G745c 
100 1 |a Gramsci, Antonio,   |d 1891-1937 
245 1 0 |a Convite a leitura de Gramsci /   |c Pedro Celso Uchoa Cavalcanti, organizador ; Paola Piccone, organizador ; Antonio Gramsci. 
260 1 |a Rio de Janeiro :   |b Achiamè,   |c [1980?]. 
300 |a 131 páginas 
500 |a Colección George Yúdice 
650 4 |a MARXISMO 
700 1 |a Cavalcanti, Pedro Celso Uchoa, organizador 
700 1 |a Piccone, Paola, organizador 
999 |c 10792  |d 10792 
942 |c BK  |h 335.4 G745c  |2 z